000 nam a22 a 4500
999 _c852
_d852
003 AKMAL
005 20170505145139.0
008 170505s2007 my | e l 000 0 eng d
020 _a9677010387 (pbk.) :
_cRM25.00
040 _aAKMAL
082 0 4 _a343.5950552 MAL
_222
090 0 0 _a343.5950552
_bMAL
110 1 _aMalaysia
_9400
240 1 0 _aAkta Cukai Jualan, 1972.
_lEnglish
245 1 0 _aSales Tax Act and Regulations :
_ball amendments up to May, 2007 : Act 64 /
_ccompiled by : MDC Legal Advisers
250 _a22nd edition
260 _aKuala Lumpur :
_bMDC Publishers,
_c2007
300 _a136p. ;
_c25cm.
500 _acontents - Sales tax regulations, sales tax(rules of valuation), sales tax(customs ruling)
650 1 0 _aSales tax
_xLaw and legislation
_zMalaysia
_9621
650 2 0 _aTaxation
_xLaw and legislation
_zMalaysia
_9204
710 2 _aPenasihat Undang-Undang MDC
_9405
942 _2ddc
_cBOOK
950 _lAKMAL